000 00704nam a2200229 a 4500
001 BRCA_1483
005 20190320203440.0
008 910117s1984 mx-a---###---#000-0#spa-#
020 _a9681604059
050 4 _aF1223.J9
_b.R64 1984
100 1 _aRoeder, Ralph
_d1890
_94844
245 1 0 _aJuárez y su México
_cRalph Roeder.
250 _a2
260 _aMéxico
_bFCE
_c1984
300 _aXV, 1101 p.
_bil.
_c24 cm.
500 _aTraducción de : Juárez and his México
504 _aBibliografía: p. 1087-1096
600 1 4 _aJuárez, Benito
_d1806-1872
_94845
650 1 4 _aJuárez, Benito
_vBiografía
_zMéxico
_94846
651 4 _aMéxico
_xHistoria e intervención europea
_94847
942 _2lcc
_cB
999 _c1344
_d1344